Countries that Produce the Most Mangoes - Statistics

General Stats
  • This quiz has been taken 63 times
  • The average score is 7 of 10
Answer Stats
# Answer Tonnes % Correct
5 Indonesia 2,738,339
96%
1 India 15,250,000
95%
8 Brazil 1,175,735
88%
2 China 4,400,000
88%
7 Mexico 1,760,588
86%
4 Thailand 2,650,000
79%
6 Pakistan 1,950,000
74%
9 Bangladesh 945,059
70%
10 Nigeria 860,000
46%
3 Kenya 2,781,706
28%
No matching quizzes found
Score Distribution
Percent of People with Each Score
Percentile by Number Answered
Your Score History
You have not taken this quiz